[Event "IV Geller Memorial"]
[Site "Odessa UKR"]
[Date "2008.09.14"]
[Round "6"]
[White "Polyakov,M"]
[Black "Chudinovskikh,A"]
[Result "0-1"]
[WhiteElo "2283"]
[BlackElo "2371"]

1.d4 Nf6 2.c4 e6 3.g3 c5 4.d5 exd5 5.cxd5 d6 6.Nc3 g6 7.Bg2 Bg7 8.Nf3 O-O
9.O-O a6 10.a4 Nbd7 11.Nd2 Re8 12.h3 Rb8 13.Nc4 Nb6 14.Na3 Bd7 15.Bf4 Qe7
16.g4 Nc8 17.a5 b5 18.axb6 Nxb6 19.e4 Bc8 20.Bg3 Nfd7 21.f4 c4 22.Nc2 Nc5
23.Nb4 Bb7 24.g5 Qc7 25.Re1 Nbd7 26.Bf2 Bc8 27.Nc6 Rxb2 28.Bd4 Nd3 29.Re3 Bxd4
30.Nxd4 Nxf4 31.Bf1 Ne5 32.Na4 Rb8 33.Kh2 Bd7 34.Ra2 Qd8 35.Rg3 Bxa4 36.Qxa4 Qb6
37.Qd1 Nfd3 38.Nf3 Qb1 39.Qxb1 Rxb1 40.Bxd3 Nxd3 41.Nd2 Rb2 42.Rxb2 Nxb2
43.Rc3 Rc8 44.Kg3 Kf8 45.Kf2 Nd3+ 46.Ke3 Ne5 47.Kd4 f6 48.gxf6 Kf7 49.Rg3 c3
50.Rxc3 Rxc3 51.Kxc3 Kxf6 52.h4 g5 53.hxg5+ Kxg5 54.Nc4 Nxc4 55.Kxc4 Kf6
56.Kd4 a5 57.e5+ dxe5+ 58.Kc5 Ke7 59.Kc6 Kd8  0-1

[Event "IV Geller Memorial"]
[Site "Odessa UKR"]
[Date "2008.09.16"]
[Round "8"]
[White "Kostiukova,L"]
[Black "Ostrovskiy,And"]
[Result "1-0"]
[WhiteElo "2224"]
[BlackElo "2445"]

1.d4 Nf6 2.c4 e6 3.g3 c5 4.d5 exd5 5.cxd5 d6 6.Nc3 g6 7.Bg2 Bg7 8.Nf3 O-O
9.O-O Na6 10.Nd2 Nc7 11.Nc4 Re8 12.Bf4 Bf8 13.a4 b6 14.Re1 Ba6 15.Na3 Ng4
16.e4 Ne5 17.Bxe5 Rxe5 18.f4 Re8 19.e5 Bg7 20.Ncb5 Bxb5 21.axb5 Qd7 22.Re2 Rad8
23.Nc4 Nxb5 24.e6 Qe7 25.Qa4 Nc7 26.Qc6 a5 27.Qxb6 fxe6 28.Rxa5 Bd4+ 29.Kf1 Ra8
30.dxe6 d5 31.Ne5 Rxa5 32.Qxa5 Ra8 33.Qb6 Ra6 34.Qb7 Ra1+ 35.Re1 Rxe1+ 36.Kxe1 Bxe5
37.fxe5 d4 38.Bh3 Kf8 39.Qc8+ Kg7 40.Qd7 Kf8 41.Qd6 Ne8 42.Qd5 Nc7 43.Qc6 h5
44.Kd2 Ne8 45.Kd3 Qa7 46.Kc4 Qa2+ 47.Kxc5 Qa5+ 48.Kc4 Qa2+ 49.Kd3 Qb1+ 50.Qc2 Qg1
51.Qe2 Ke7 52.Qd2 Qb1+ 53.Kxd4 Qg1+ 54.Kc4 Kf8 55.Qf4+ Kg7 56.Qf7+ Kh6 57.Qxe8 Qc1+
58.Kd5 Qd1+ 59.Kc5 Qg1+ 60.Kb5  1-0

[Event "IV Geller Memorial"]
[Site "Odessa UKR"]
[Date "2008.09.16"]
[Round "8"]
[White "Aliferenko,A"]
[Black "Tkachova,A"]
[Result "1-0"]
[WhiteElo "2253"]
[BlackElo "1800"]

1.d4 Nf6 2.c4 e6 3.g3 c5 4.d5 exd5 5.cxd5 b5 6.Bg2 d6 7.a4 b4 8.Nd2 Nbd7
9.b3 Be7 10.Bb2 O-O 11.Ngf3 Bb7 12.e4 Ba6 13.Bf1 Bxf1 14.Kxf1 Ng4 15.h3 Bf6
16.hxg4 Bxb2 17.Rb1 Bf6 18.Qc2 h6 19.Nc4 Nb6 20.Ncd2 Re8 21.Kg2 Nc8 22.Rh5 Bg5
23.Nxg5 hxg5 24.Rbh1 f6 25.e5 dxe5 26.Qg6 Qxd5+ 27.Ne4  1-0

[Event "ch-Commonwealth"]
[Site "Nagpur IND"]
[Date "2008.10.03"]
[Round "8"]
[White "Meenakshi,Sub"]
[Black "Kunte,A"]
[Result "0-1"]
[WhiteElo "2336"]
[BlackElo "2554"]

1.d4 Nf6 2.c4 e6 3.g3 c5 4.d5 exd5 5.cxd5 d6 6.Nc3 g6 7.Bg2 Bg7 8.Nf3 O-O
9.Nd2 a6 10.a4 Nbd7 11.Nc4 Nb6 12.Nxb6 Qxb6 13.O-O Bd7 14.e4 Qc7 15.a5 Rfe8
16.Re1 Rab8 17.Bf4 Ng4 18.h3 Ne5 19.Qe2 c4 20.Be3 Nd3 21.Reb1 f5 22.Qd2 fxe4
23.Bb6 e3 24.fxe3 Qc8 25.Kh2 Be5 26.Rf1 Rf8 27.Ne4 Qe8 28.Rxf8+ Qxf8 29.Rf1 Qe7
30.Bd4 Bf5 31.Bxe5 Qxe5 32.Nc3 g5 33.e4 Bg6 34.b3 b5 35.axb6 Rxb6 36.bxc4 Rb3
37.Ne2 h5 38.Qc2 Nc5 39.Qd2 Rb2 40.Qe3 Nxe4 41.Nd4 Nd2 42.Qxe5 Nxf1+ 43.Kg1 dxe5
44.d6 exd4 45.d7 Rb8 46.c5 Bf5 47.c6 Bxd7  0-1

[Event "ch-Commonwealth"]
[Site "Nagpur IND"]
[Date "2008.10.03"]
[Round "8"]
[White "Gagare,Shal"]
[Black "Eshwanth,D"]
[Result "1-0"]
[WhiteElo "2092"]
[BlackElo "1826"]

1.c4 Nf6 2.g3 e6 3.d4 c5 4.Nf3 b6 5.Bg2 Bb7 6.O-O d5 7.Nc3 Nc6 8.cxd5 Nxd5
9.e4 Nf6 10.d5 Nb4 11.a3 Nbxd5 12.exd5 Nxd5 13.Nxd5 Qxd5 14.Qe2 Qe4 15.Be3 O-O-O
16.b4 cxb4 17.Nh4 Qd3 18.Rac1+ Bc5 19.Qxd3 Rxd3 20.axb4 Bxg2 21.Nxg2 Kb8
22.bxc5 b5 23.Rb1 a6 24.Rfc1 Kc7 25.Nf4 Ra3 26.Bd4 Rg8 27.c6  1-0

[Event "XV Bora Kostic Memorial"]
[Site "Vrsac SRB"]
[Date "2008.10.03"]
[Round "8"]
[White "Miton,K"]
[Black "Kovacevic,A"]
[Result "1/2-1/2"]
[WhiteElo "2604"]
[BlackElo "2581"]

1.d4 Nf6 2.c4 e6 3.g3 c5 4.Nf3 cxd4 5.Nxd4 Qa5+ 6.Nd2 Nc6 7.Nb3 Qc7 8.Bg2 b6
9.O-O Bb7 10.Ne4 Nxe4 11.Bxe4 Ne5 12.Bxb7 Qxb7 13.Qd4 d6 14.Bf4 f6 15.Qe3 Kf7
16.Rac1 Ng6 17.Qd2 Be7 18.Be3 Rac8 19.Rc3 Ne5 20.Qc2 h5 21.h3 f5 22.f3 Bf6
23.Nd4 Rhd8 24.Rd1 Nc6 25.Nxc6 Qxc6 26.Bd4 Bxd4+ 27.Rxd4 Qc5 28.e3 Rc7 29.Kg2 Rcd7
30.Qd2 Qe5 31.e4 g6 32.Rcd3 Ke8 33.Qh6 Qf6 34.Qe3 Ke7 35.f4 fxe4 36.Qxe4 Qf5
37.Qe2 Kf7 38.Re4 Qf6 39.Rde3 Re7 40.Rd3 Red7 41.Qd2 Qf5 42.Rde3 Re7 43.b3 b5
44.Qa5 Rb8 45.Qb4 Rb6 46.cxb5 Qxb5 47.Qxb5 Rxb5 48.Rd4  1/2-1/2

[Event "Chigorin Memorial"]
[Site "St Petersburg RUS"]
[Date "2008.10.05"]
[Round "3"]
[White "Rozum,I"]
[Black "Shaposhnikov,E"]
[Result "1-0"]
[WhiteElo "2439"]
[BlackElo "2558"]

1.d4 Nf6 2.c4 e6 3.g3 c5 4.d5 exd5 5.cxd5 b5 6.Nf3 g6 7.Bg2 Bg7 8.O-O O-O
9.a4 b4 10.Ne5 d6 11.Nc4 Ba6 12.Nbd2 Re8 13.Re1 Qc7 14.e4 Nbd7 15.Bf1 Re7
16.f3 Nh5 17.Bd3 Rae8 18.Rf1 Bc8 19.Qc2 Ne5 20.Nxe5 Bxe5 21.Nc4 Bd4+ 22.Be3 Bxe3+
23.Nxe3 f5 24.Nc4 fxe4 25.fxe4 Ba6 26.Nd2 Bxd3 27.Qxd3 Kg7 28.b3 Nf6 29.Rf4 Nd7
30.Nc4 Rf8 31.Raf1 Ref7 32.Qd2 Nb6 33.Rxf7+ Rxf7 34.Rxf7+ Kxf7 35.Qf4+ Ke7
36.e5 dxe5 37.Nxe5 Ke8 38.Qf6 Qe7 39.Qh8+ Qf8 40.Qxh7 Qf6 41.Qg8+ Ke7 42.Nxg6+ Kd6
43.Qb8+ Kxd5 44.Nf4+ Kd4 45.Qxa7 Kc3 46.a5 Qd4+ 47.Kg2 Qe4+ 48.Kf2 Qd4+ 49.Kf3 Qd1+
50.Ke4 Qc2+ 51.Ke5 Nc4+ 52.bxc4 b3 53.Qxc5 b2 54.Nd5+ Kb3 55.Qb4+  1-0

[Event "1st WMSG Rapid Pair"]
[Site "Beijing CHN"]
[Date "2008.10.10"]
[Round "7"]
[White "Cua,Sheri"]
[Black "Peng Zhaoqin"]
[Result "0-1"]
[WhiteElo "2143"]
[BlackElo "2455"]

1.d4 Nf6 2.c4 e6 3.g3 c5 4.Nf3 cxd4 5.Nxd4 Nc6 6.Nb3 Bb4+ 7.Bd2 Be7 8.Bg2 O-O
9.O-O b6 10.Nc3 Ba6 11.Nb5 Rc8 12.Rc1 d5 13.cxd5 Nxd5 14.N5d4 Nxd4 15.Nxd4 Bf6
16.Rxc8 Qxc8 17.Qa4 Qc4 18.Qxc4 Bxc4 19.Bc3 Nxc3 20.bxc3 Rc8 21.Bf3 Bxd4
22.cxd4 Bxa2 23.e4 Kf8 24.d5 Ke7 25.Rd1 exd5 26.exd5 Kd6 27.Rd2 Bb3  0-1

[Event "Chigorin Memorial"]
[Site "St Petersburg RUS"]
[Date "2008.10.10"]
[Round "8"]
[White "Duzhakov,I"]
[Black "Lanin,A"]
[Result "1-0"]
[WhiteElo "2276"]
[BlackElo "2465"]

1.d4 Nf6 2.c4 e6 3.g3 c5 4.Nf3 cxd4 5.Nxd4 Qc7 6.Nd2 a6 7.Bg2 Nc6 8.Nc2 b6
9.O-O Bb7 10.b3 Be7 11.Bb2 O-O 12.e4 d6 13.Qe2 Nd7 14.Rac1 Bf6 15.Bxf6 Nxf6
16.Rfd1 Rfd8 17.Nf3 Nd7 18.Rd2 Nce5 19.Nxe5 Nxe5 20.Rcd1 Rd7 21.f4 Nc6 22.e5 Rad8
23.Qd3 h6 24.exd6 Rxd6 25.Qxd6 Rxd6 26.Rxd6 Ne7 27.Bxb7 Qxb7 28.Ne3 Qf3 29.R6d3 Qe2
30.R1d2 Qe1+ 31.Kg2 g5 32.fxg5 hxg5 33.h3 Nc6 34.Ng4 f5 35.Nf2 Ne5 36.Rd1 Qa5
37.Re3 f4 38.b4 Qxb4 39.Rxe5 Qxc4 40.Rxg5+ Kf7 41.gxf4 Qxf4 42.Rg3 Qc4 43.a3 b5
44.Rd7+ Kf6 45.Ng4+  1-0

[Event "1st WMSG Blitz Team"]
[Site "Beijing CHN"]
[Date "2008.10.13"]
[Round "4"]
[White "Batchuluun,C"]
[Black "Smerdon,D"]
[Result "0-1"]
[WhiteElo "2346"]
[BlackElo "2470"]

1.d4 Nf6 2.c4 e6 3.g3 c5 4.Nf3 cxd4 5.Nxd4 d5 6.Bg2 Bb4+ 7.Bd2 Be7 8.cxd5 Nxd5
9.O-O O-O 10.Nc3 Nb6 11.Bf4 N8d7 12.Ndb5 e5 13.Be3 Nc4 14.Bc1 a6 15.Na3 Nf6  0-1

[Event "1st WMSG Rapid Team"]
[Site "Beijing CHN"]
[Date "2008.10.14"]
[Round "2"]
[White "Batchuluun,C"]
[Black "Mak Kei Keng"]
[Result "1-0"]
[WhiteElo "2346"]
[BlackElo "2017"]

1.d4 Nf6 2.c4 e6 3.g3 c5 4.Nf3 d5 5.cxd5 exd5 6.Bg2 Nc6 7.O-O Be6 8.Nc3 Be7
9.Bg5 O-O 10.dxc5 Bxc5 11.Rc1 Be7 12.Nd4 Qd7 13.Qa4 h6 14.Bf4 Nh5 15.Be3 Rfd8
16.Rfd1 Qe8 17.Nxc6 bxc6 18.Nb1 Rdc8 19.Bc5 Bd8 20.Nd2 Bb6 21.Nb3 Nf6  1-0

[Event "24th ECC"]
[Site "Kallithea GRE"]
[Date "2008.10.17"]
[Round "1"]
[White "Hlinka,V"]
[Black "Pelletier,Y"]
[Result "0-1"]
[WhiteElo "2203"]
[BlackElo "2557"]

1.d4 e6 2.c4 Nf6 3.g3 c5 4.Nf3 cxd4 5.Nxd4 d5 6.Bg2 e5 7.Nc2 d4 8.O-O Nc6
9.b4 Be6 10.Nd2 Qd7 11.Ba3 Rd8 12.b5 Na5 13.Bxf8 Kxf8 14.Nb3 Nxc4 15.Nc5 Qe7
16.Nxe6+ Qxe6 17.Bxb7 e4 18.Nxd4 Qb6 19.e3 Qxb7 20.Ne6+ Ke7 21.Nxd8 Rxd8
22.Qa4 Ne5 23.Qb4+ Rd6 24.a4 Qd7 25.Rfd1 Nd3 26.Qa5 Ng4 27.b6 axb6 28.Qg5+ Kf8
29.a5 Ngxf2 30.Qh4 Rh6 31.a6 Rxh4 32.a7  0-1

[Event "IM"]
[Site "Petah Tiqwa ISR"]
[Date "2008.10.19"]
[Round "2"]
[White "Popilski,G"]
[Black "Shutzman,J"]
[Result "1-0"]
[WhiteElo "2394"]
[BlackElo "2333"]

1.d4 Nf6 2.g3 e6 3.c4 c5 4.Nf3 b6 5.d5 exd5 6.cxd5 d6 7.Bg2 g6 8.O-O Bg7
9.Nc3 O-O 10.Bf4 Re8 11.Re1 a6 12.e4 Ng4 13.a4 Ra7 14.Qb3 Rae7 15.h3 Ne5
16.Nxe5 Bxe5 17.Bg5 f6 18.Be3 Nd7 19.Qc2 Bd4 20.Bxd4 cxd4 21.Ne2 d3 22.Qxd3 Nc5
23.Qc2 Nxe4 24.Nd4 Nc5 25.Rec1 Bf5 26.Nxf5 gxf5 27.b4 Re2 28.Qc4 b5 29.axb5 axb5
30.Qc3 Ne4 31.Bxe4 R2xe4 32.Ra7 f4 33.Qf3 R4e7 34.Rxe7 Qxe7 35.Qxf4 Kh8 36.Rc6 Rd8
37.Kg2 Kg7 38.Rb6 Ra8 39.Rxd6 Ra2 40.Qg4+ Kh6 41.Re6 Qf7 42.Qf4+ Kg6 43.h4 h5
44.Qg5+  1-0

[Event "IX Rapid Open"]
[Site "El Sauzal ESP"]
[Date "2008.11.02"]
[Round "6"]
[White "Majul,I"]
[Black "Pogorelov,R"]
[Result "0-1"]
[WhiteElo "2134"]
[BlackElo "2441"]

1.d4 Nf6 2.c4 e6 3.g3 c5 4.Nf3 cxd4 5.Nxd4 d5 6.Bg2 e5 7.Nf3 d4 8.Qa4+ Bd7
9.Qb3 Nc6 10.O-O Bc5 11.Bg5 h6 12.Bxf6 Qxf6 13.Nbd2 Qe7 14.Ne4 b6 15.a3 O-O
16.Qc2 f5 17.Ned2 a5 18.Nh4 Qf6 19.Bd5+ Kh8 20.Ndf3 Rae8 21.e4 dxe3 22.fxe3 Bxe3+
23.Kh1 g5 24.Ng2 Bc8 25.Rad1  0-1

[Event "Open"]
[Site "Kaikoura NZL"]
[Date "2008.11.08"]
[Round "2"]
[White "Johnson,Q"]
[Black "Marko,H"]
[Result "1-0"]
[WhiteElo "2150"]
[BlackElo "2123"]

1.d4 Nf6 2.c4 e6 3.g3 c5 4.d5 exd5 5.cxd5 d6 6.Nc3 Bf5 7.Bg2 Be7 8.e4 Bg6
9.Nh3 Nbd7 10.O-O O-O 11.Nf4 Rb8 12.Qe2 a6 13.a4 Re8 14.h4 Bf8 15.h5 Bxe4
16.Nxe4 Nxd5 17.Nxd5 f5 18.Qc4 Rxe4 19.Ne7+  1-0

[Event "38th Olympiad"]
[Site "Dresden GER"]
[Date "2008.11.22"]
[Round "9"]
[White "Bayarmandah,B"]
[Black "Quinn,M"]
[Result "1-0"]
[WhiteElo "2339"]
[BlackElo "2401"]

1.d4 Nf6 2.c4 e6 3.g3 c5 4.d5 d6 5.Nc3 exd5 6.cxd5 g6 7.Bg2 Bg7 8.e4 O-O
9.Nge2 Re8 10.O-O b5 11.e5 Rxe5 12.Bf4 Rh5 13.Nxb5 Bf8 14.Qd2 a6 15.Na3 Bh3
16.Bxh3 Rxh3 17.Bg5 Rh5 18.g4 Rxg5 19.Qxg5 h6 20.Qf4 Nxd5 21.Qf3 Nc7 22.Rad1 Nd7
23.Nc3 Ne5 24.Qg2 Qd7 25.h3 Qc6 26.Qxc6 Nxc6 27.Nc4 Rd8 28.Ne3 Rb8 29.b3 Nb4
30.Rd2 Ne6 31.Ncd5 Nxd5 32.Nxd5 Nd4 33.Kg2 a5 34.f4 Bg7 35.f5 Be5 36.Rdf2 g5
37.f6 Kf8 38.h4 Ke8 39.hxg5 hxg5 40.Rh1 Kd7 41.Rh7 Rf8 42.Nb6+ Ke6 43.Nc4 Nc6
44.Nxe5 Nxe5 45.Kg3 a4 46.bxa4 Ra8 47.Rh5 Rxa4 48.Rxg5 Ra3+ 49.Kg2 c4 50.Rg8 c3
51.g5 Nd3 52.Re8+ Kd5 53.g6 c2 54.Rxc2 Nf4+ 55.Kf2 Nxg6 56.Rd2+ Kc6 57.Rd8 Ne5
58.Rc2+ Kd5 59.Rd2+ Kc6 60.R8xd6+ Kc7 61.R6d5 Ng4+ 62.Ke1 Nxf6 63.Rc5+ Kb6
64.Rf5 Ne4 65.Rb2+ Ka6 66.Rxf7 Rh3 67.Rg2 Nc3 68.Rf4 Rd3 69.Rg6+ Kb5 70.Rg5+ Rd5
71.Rxd5+ Nxd5 72.Rf5 Kc6 73.Kd2 Nb4 74.a3 Na6 75.Kc3 Kb6 76.Kc4 Kc6 77.Rf6+ Kb7
78.a4 Ka7 79.Kb5 Nc7+ 80.Kc6 Na8 81.Rf8  1-0

[Event "38th Olympiad"]
[Site "Dresden GER"]
[Date "2008.11.22"]
[Round "9"]
[White "Petrik,T"]
[Black "Zhigalko,A"]
[Result "0-1"]
[WhiteElo "2487"]
[BlackElo "2568"]

1.d4 Nf6 2.c4 e6 3.g3 c5 4.Nf3 cxd4 5.Nxd4 Bb4+ 6.Bd2 Be7 7.Bg2 Nc6 8.Bf4 O-O
9.Nc3 Nxd4 10.Qxd4 d6 11.Qd2 Nh5 12.Be3 Qc7 13.Rc1 Bd7 14.O-O a6 15.Rfd1 Rfd8
16.Bf3 Nf6 17.Bf4 Ne8 18.c5 Bc6 19.Qe1 Bxf3 20.exf3 Qa5 21.Nd5 Qxe1+ 22.Rxe1 Bf8
23.Nb6 Rab8 24.g4 h6 25.h4 e5 26.Bg3 dxc5 27.Rxe5 Rd4 28.Rce1 Nf6 29.g5 hxg5
30.hxg5 Nh5 31.Bh2 Bd6 32.Rd5 Rd8 33.Bxd6 Rxd6 34.Rxd6 Rxd6 35.Nc8 Rd8 36.Nb6 Kf8
37.a4 Nf4 38.a5 Nh3+ 39.Kg2 Nxg5 40.f4 Ne6 41.f5 Nf4+ 42.Kg3 Nd3 43.Re2 Rd4
44.f3 f6 45.Rh2 Kg8 46.Rc2 Kf7 47.Re2 Ne5 48.f4 Rd3+ 49.Kh4 Nf3+ 50.Kg4 Nd4
51.Rh2 Rd1 52.Rg2 Rc1 53.Nc8 Ke8 54.Nb6 Ke7 55.Rg3 Kd6 56.Rd3 Rg1+ 57.Kh3 Rb1
58.Na4 Ra1 59.Nb6 Rf1 60.Kg4 Kc6 61.b4 Ne2 62.Nd5 Rg1+ 63.Kh4 c4 64.Rd2 Ng3
65.Ne3 Nf1 66.Nxf1 Rxf1 67.Kg4 Rb1 68.Kh5 Rg1 69.Re2 Kb5 70.Re7 Kxb4 71.Rxb7+ Kxa5
72.Rc7 Kb4 73.Rb7+ Ka3 74.Ra7 c3 75.Rxa6+ Kb2 76.Rb6+ Kc1 77.Ra6 Rg2 78.Rc6 c2
79.Rc7 Kd1 80.Rd7+ Rd2 81.Rxg7 c1=Q 82.Rg1+ Kc2 83.Rxc1+ Kxc1 84.Kg6 Rd6  0-1

[Event "21st Belgrade Trophy"]
[Site "Obrenovac SRB"]
[Date "2008.11.29"]
[Round "3"]
[White "Lisicic,N"]
[Black "Ristic,Neb2"]
[Result "1-0"]
[WhiteElo "2181"]
[BlackElo "2374"]

1.d4 Nf6 2.c4 e6 3.g3 c5 4.d5 d6 5.Nc3 exd5 6.cxd5 g6 7.Bg2 Bg7 8.Nf3 O-O
9.O-O Na6 10.h3 Nc7 11.e4 Nd7 12.Bf4 Qe7 13.a4 b6 14.Re1 f6 15.Rb1 Ne5 16.Bf1 Ba6
17.Nxe5 fxe5 18.Be3 Rf7 19.Nb5 Bxb5 20.axb5 Qf8 21.Qd2 a5 22.bxa6 Nxa6 23.Ra1 Nb4
24.Ra3 Rfa7 25.Rea1 Ra5 26.Rxa5 Rxa5 27.Rxa5 bxa5 28.b3 h5 29.Kg2 Kh7 30.g4 hxg4
31.hxg4 Bf6 32.Bc4 Qd8 33.Qc1 Kg8 34.Qd2 Qd7 35.Qe2 Qe7 36.Bxc5 Qc7 37.Be3 Qd8
38.Qd2 Qd7 39.Be2 Bd8 40.g5 Qb7 41.f4 Bb6 42.fxe5 dxe5 43.Bc4 Bxe3 44.Qxe3 Qd7
45.Qf3 Qd6 46.Qh3 Nc2 47.Qc3 Nb4 48.Be2 Qe7 49.Qd2 Qd6 50.Qc1 Kf7 51.Kg3 Ke7
52.Qh1 Nc2 53.Qh8 Nd4 54.Bg4 Nxb3 55.Be6 Nd4 56.Qf6+ Ke8 57.Qxg6+ Kd8 58.Qf6+ Kc7
59.g6 Qa3+ 60.Kg4 Qe3 61.Qxe5+ Kb7 62.Qf4 Qe2+ 63.Kg5 Nf3+ 64.Kf6 Qb2+  1-0

[Event "III Open"]
[Site "Palma de Mallorca ESP"]
[Date "2008.12.07"]
[Round "2"]
[White "Asis Gargatagli,H"]
[Black "Arutinian,D"]
[Result "1-0"]
[WhiteElo "2408"]
[BlackElo "2584"]

1.d4 Nf6 2.c4 e6 3.g3 c5 4.Nf3 d5 5.cxd5 exd5 6.Bg2 Nc6 7.O-O Be7 8.Nc3 O-O
9.Bg5 Be6 10.dxc5 Bxc5 11.Rc1 Bb6 12.b3 Re8 13.e3 a6 14.Bxf6 gxf6 15.Nh4 d4
16.exd4 Qxd4 17.Qh5 Qg4 18.Ne4 Bd4 19.Qh6 Bd5 20.h3 Qe6 21.Rce1 f5 22.Qg5+ Kf8
23.Nc5 Qd6 24.Nxb7 Qd7 25.Qh6+ Bg7 26.Nc5 Qc7 27.Qxh7 Bxg2 28.Nxf5 Bc3 29.Kxg2 Nb4
30.Ne6+ Rxe6 31.Rxe6 Nd5 32.Rh6 Ne7 33.Nxe7 Ke8  1-0

[Event "58th ch-GRE"]
[Site "Rhodes GRE"]
[Date "2008.12.09"]
[Round "10"]
[White "Papaioannou,I"]
[Black "Dagkakis,P"]
[Result "1-0"]
[WhiteElo "2597"]
[BlackElo "2272"]

1.d4 Nf6 2.c4 e6 3.g3 c5 4.Nf3 cxd4 5.Nxd4 Nc6 6.Bg2 Bb4+ 7.Nc3 O-O 8.O-O a6
9.Bf4 Nh5 10.Nxc6 bxc6 11.Bd6 Bxd6 12.Qxd6 f5 13.Rfd1 Qf6 14.f4 g5 15.e3 Ng7
16.Na4 Ne8 17.Qe5 Qxe5 18.fxe5 Ng7 19.Bf3 Kf7 20.Rd3 Ke7 21.Rad1 Ra7 22.Nc5 Ne8
23.Kf2 Ng7 24.Rb3 Ne8 25.Rb8 Ng7 26.Ke2 Rh8 27.Rd2 Kd8 28.Rb3 Ke7 29.Ke1 Ne8
30.Rbd3 Ng7 31.b4 Rf8 32.Ra3 Rc7 33.Ra5 Ne8 34.Nxa6 Bxa6 35.Rxa6 Ng7 36.a4 Rb8
37.b5 cxb5 38.cxb5 Rc3 39.Kf2 Ne8 40.b6 Rb3 41.a5 Rb5 42.Ra7 Rxe5 43.Raxd7+ Kf6
44.Rd8  1-0

[Event "1st Copa PDV Sur"]
[Site "Buenos Aires ARG"]
[Date "2008.12.10"]
[Round "8"]
[White "Cativelli,G"]
[Black "Rodriguez Vila,A"]
[Result "0-1"]
[WhiteElo "2218"]
[BlackElo "2508"]

1.d4 e6 2.c4 Nf6 3.g3 c5 4.d5 exd5 5.cxd5 b5 6.e4 Nxe4 7.Bg2 Nd6 8.b4 cxb4
9.Bb2 f6 10.Ne2 Be7 11.O-O O-O 12.a3 bxa3 13.Nxa3 b4 14.Nc2 Na6 15.Nf4 Re8
16.Qg4 b3 17.Nd4 Bf8 18.Nh5 Kh8 19.Nf5 Nxf5 20.Qxf5 d6 21.Qf3 Re5 22.Bxe5 fxe5
23.Qf7 Qe7 24.Qxe7 Bxe7 25.f4 e4 26.f5 Nc5 27.f6 gxf6 28.Nxf6 Ba6 29.Rf4 Bd3
30.Nxe4 b2 31.Re1 b1=Q 32.Rxb1 Bxb1 33.Nxc5 dxc5 34.d6 Bxd6 35.Bxa8 Bxf4
36.gxf4  0-1

[Event "TCh-ISR 2008-9"]
[Site "Israel ISR"]
[Date "2008.12.12"]
[Round "1"]
[White "Postny,E"]
[Black "Gershon,A"]
[Result "1/2-1/2"]
[WhiteElo "2674"]
[BlackElo "2507"]

1.d4 Nf6 2.c4 e6 3.g3 c5 4.d5 exd5 5.cxd5 b5 6.e4 Nxe4 7.Qe2 Qe7 8.Bg2 Nd6
9.Be3 Bb7 10.Bxc5 Qxe2+ 11.Nxe2 Na6 12.Bxd6 Bxd6 13.Nbc3 Nc7 14.Nd4 O-O 15.Ndxb5 Nxb5
16.Nxb5 Be5 17.O-O-O Rfc8+ 18.Kb1 Rc5 19.Nd4 Bxd5 20.Bxd5 Rxd5 21.Nf3 Rxd1+
22.Rxd1 d6 23.Nxe5 dxe5 24.Rd7 h5 25.h4 a5 26.b3 f6 27.Kb2 Kh7 28.a4 Kh6
29.b4 axb4 30.Kb3 g5 31.Kxb4 gxh4 32.gxh4 Rb8+ 33.Ka3 Ra8 34.Rd3 Kg6 35.Kb4 Kf5
36.Rf3+ Kg4 37.Rxf6 Kxh4 38.Rf5 Rb8+ 39.Kc5 Ra8 40.Kb5 Rb8+ 41.Kc5  1/2-1/2

[Event "XXI Carlos Torre"]
[Site "Merida MEX"]
[Date "2008.12.14"]
[Round "3"]
[White "Matnadze,A"]
[Black "Cordova,Em"]
[Result "0-1"]
[WhiteElo "2411"]
[BlackElo "2533"]

1.d4 Nf6 2.c4 e6 3.g3 c5 4.d5 exd5 5.cxd5 b5 6.Bg2 d6 7.Nf3 g6 8.O-O Bg7
9.e4 O-O 10.e5 dxe5 11.Nxe5 Bb7 12.Nc6 Qb6 13.Ne7+ Kh8 14.a4 b4 15.Nd2 Re8
16.Re1 Bf8 17.a5 Qb5 18.d6 Bxg2 19.Kxg2 Nc6 20.Nb3 Nxe7 21.dxe7 Rxe7 22.Bg5 Rxe1
23.Qxe1 Qc6+ 24.Kg1 Ne4 25.Be3 Re8 26.Qf1 Qe6 27.Qb5 a6 28.Qa4 Rd8 29.Re1 Qd5
30.h4 Bg7 31.f3 Nxg3 32.Bxc5 h5 33.Kf2 Nf5 34.Qxb4 Bf6 35.Re4 Qd1 36.Bb6 Rd3
37.Qf8+ Kh7 38.Qxf7+ Kh8 39.Qf8+ Kh7 40.Qf7+  0-1

[Event "Open A"]
[Site "Groningen NED"]
[Date "2008.12.23"]
[Round "3"]
[White "Hoffmann,Micha1"]
[Black "Van Eijk,S"]
[Result "1-0"]
[WhiteElo "2469"]
[BlackElo "2366"]

1.d4 Nf6 2.c4 e6 3.g3 c5 4.Nf3 cxd4 5.Nxd4 Bb4+ 6.Nc3 a6 7.Bg2 Qc7 8.O-O Qxc4
9.Na4 Qc7 10.Qb3 Ba5 11.Qa3 Nc6 12.Nxc6 bxc6 13.b4 Bb6 14.Bf4 Qa7 15.Nxb6 Qxb6
16.Bd6 Ng4 17.b5 Qxb5 18.Rab1 Qh5 19.h3 Nh6 20.Qc3 f6 21.Bxc6 Qxh3 22.Bg2 Qh5
23.Bxa8 Ng4 24.Qxc8+ Kf7 25.Qxd7+ Kg6 26.Be4+ Kh6 27.Kg2  1-0

[Event "Petrovskaya Ladya GM1"]
[Site "Peterhof RUS"]
[Date "2009.01.07"]
[Round "7"]
[White "Duzhakov,I"]
[Black "Khruschiov,A"]
[Result "0-1"]
[WhiteElo "2304"]
[BlackElo "2498"]

1.d4 Nf6 2.c4 e6 3.g3 c5 4.Nf3 cxd4 5.Nxd4 d5 6.Bg2 e5 7.Nb5 d4 8.Qa4 Nc6
9.O-O a6 10.N5a3 Be7 11.Bg5 O-O 12.Nd2 Bg4 13.Rfe1 Nd7 14.Bxe7 Qxe7 15.Nc2 Rfc8
16.Rac1 b5 17.Qb3 Be6 18.Bxc6 Rxc6 19.Nb4 Rcc8 20.Nd5 Bxd5 21.cxd5 Nf6 22.Rc6 Rxc6
23.dxc6 Qc5 24.Qf3 Rc8 25.Nb3 Qxc6 26.Rc1 Qd7 27.Nc5 e4 28.Qf4 Qd8 29.Nxa6 Rxc1+
30.Qxc1 d3 31.Qd2 Ng4 32.Nb4 Ne5 33.Kg2 Nc4 34.Qd1 Nxb2 35.Qd2 Nc4 36.Qd1 d2  0-1

[Event "Petrovskaya Ladya GM1"]
[Site "Peterhof RUS"]
[Date "2009.01.08"]
[Round "9"]
[White "Duzhakov,I"]
[Black "Levin,Ev"]
[Result "1/2-1/2"]
[WhiteElo "2304"]
[BlackElo "2484"]

1.d4 Nf6 2.c4 e6 3.g3 c5 4.d5 exd5 5.cxd5 b5 6.e4 Bb7 7.Bxb5 Nxe4 8.Ne2 Bd6
9.O-O O-O 10.Na3 Na6 11.Qd3 Nb4 12.Qxe4 Bxd5 13.Qf5 Be6 14.Qf3 Bd5 15.Qc3 Qb6
16.Bf4 Be7 17.Bxd7 Rad8 18.Bh3 Bf6 19.Qc1 Nd3 20.Qc2 Qa6 21.Bc7 Nb4 22.Qd2 Be6
23.Bxd8 Rxd8 24.Qe3 Bxh3 25.Rfd1 Rf8 26.Rd2 Qc6 27.f3 Re8 28.Qb3 a5 29.Nf4 Bc8
30.Nc4 a4 31.Qd1 Bd4+ 32.Kg2 Ba6 33.a3 Bxc4 34.axb4 Bb3 35.Qf1 Be3 36.b5 Qc8
37.Rd6 Qb8 38.Rd7 Qc8 39.Rd6  1/2-1/2

[Event "Petrovskaya Ladya GM2"]
[Site "Peterhof RUS"]
[Date "2009.01.19"]
[Round "8"]
[White "Duzhakov,I"]
[Black "Brodsky,M"]
[Result "0-1"]
[WhiteElo "2304"]
[BlackElo "2518"]

1.d4 Nf6 2.c4 e6 3.g3 c5 4.d5 exd5 5.cxd5 d6 6.Bg2 g6 7.Nf3 Bg7 8.O-O O-O
9.Nc3 Re8 10.Nd2 Nbd7 11.Nc4 Nb6 12.Nxb6 Qxb6 13.Qc2 Bd7 14.h3 Qa6 15.a4 b5
16.Bf4 b4 17.Nb5 Bxb5 18.axb5 Qxb5 19.Bxd6 Nd7 20.Rfe1 b3 21.Qd2 a5 22.Bc7 a4
23.d6 Ra6 24.Bd5 c4 25.Rac1 c3 26.bxc3 b2 27.Rb1 a3 28.Ba2 Rc6 29.Qf4 Rf8
30.c4 Qb4 31.Red1 Be5 32.Qe4 Rc5 33.f4 Bf6 34.Qd3 Rh5 35.Kh2 Nc5 36.Qf3 Ne6
37.e4 Rc5 38.e5 Bg7 39.Qd3 Nxc7 40.dxc7 Rxc7 41.Qd6 Qa5 42.Rd3 Rc5 43.Rbd1 Qa7
44.R3d2 Re8 45.h4 Bf8 46.Qd7 Qxd7 47.Rxd7 Re7 48.Rd8 Rec7 49.Ra8 Rc8 50.Rxa3 Rxc4
51.Rb3 Rc2+ 52.Kh3 Ra8 53.Bb1 Rc1 54.Be4 Rxd1  0-1

[Event "ch-PriFO"]
[Site "Kazan RUS"]
[Date "2009.01.24"]
[Round "4"]
[White "Kanter,E"]
[Black "Shaposhnikov,E"]
[Result "0-1"]
[WhiteElo "2366"]
[BlackElo "2544"]

1.d4 Nf6 2.c4 e6 3.g3 c5 4.d5 exd5 5.cxd5 b5 6.e4 Nxe4 7.Qe2 Qe7 8.Bg2 f5
9.g4 Bb7 10.gxf5 Bxd5 11.Be3 Nc6 12.Nh3 Nf6 13.Bxd5 Nxd5 14.Nc3 Nxc3 15.bxc3 Qe4
16.Rg1 Be7 17.Rxg7 Qe5 18.Qh5+ Kd8 19.Rxe7 Qxc3+ 20.Ke2 Qb2+ 21.Kf3 Qxa1
22.Rxd7+ Kxd7 23.Qf7+ Kc8 24.Bf4 Qd1+ 25.Kg3 Qd7  0-1

[Event "7th Gibtelecom Masters"]
[Site "Caleta ENG"]
[Date "2009.01.27"]
[Round "1"]
[White "Van Heirzeele,D"]
[Black "D'Costa,L"]
[Result "1/2-1/2"]
[WhiteElo "2189"]
[BlackElo "2445"]

1.d4 Nf6 2.c4 e6 3.g3 c5 4.Nf3 cxd4 5.Nxd4 a6 6.Bg2 Qc7 7.Nc3 Be7 8.O-O O-O
9.Bf4 d6 10.Nb3 Nbd7 11.Rc1 Nh5 12.Be3 Rb8 13.Ba7 Ra8 14.Be3 Rd8 15.Nd4 Ne5
16.b3 Nf6 17.h3 Bd7 18.f4 Ng6 19.Bf2 Rac8 20.e4 Qa5 21.Be1 Qc7 22.Bf2 Qb8
23.Qe2 h6 24.Rfd1 Bf8 25.a4 e5 26.fxe5 Nxe5 27.Nf5 Re8 28.Qd2 Rc6 29.Nd5 Nxd5
30.cxd5 Rxc1 31.Rxc1 Kh7 32.Be3 h5 33.Nd4 g6 34.Rc3 Bg7 35.Qc2 Kg8 36.Rc7 Bc6
37.Rxc6 bxc6 38.dxc6 Rc8 39.Bf1 Qa8 40.Bc4 Nxc6 41.Bxf7+ Kxf7 42.Qc4+ Ke8
43.Qg8+ Bf8 44.Qxg6+ Kd7 45.Qf5+ Ke8 46.Qxh5+ Kd8 47.Ne6+ Kd7 48.Qf5  1/2-1/2

[Event "7th Gibtelecom Masters"]
[Site "Caleta ENG"]
[Date "2009.01.30"]
[Round "4"]
[White "Beltran Medina,J"]
[Black "Malmdin,N"]
[Result "0-1"]
[WhiteElo "2006"]
[BlackElo "2256"]

1.d4 Nf6 2.c4 e6 3.g3 c5 4.Nf3 b6 5.Bg2 Bb7 6.d5 exd5 7.Nh4 g6 8.O-O Bg7
9.cxd5 d6 10.Nc3 O-O 11.e4 Re8 12.Re1 a6 13.a4 Bc8 14.h3 Ra7 15.Kh2 Rae7
16.Qc2 Nh5 17.Bg5 Nf6 18.Bd2 Nbd7 19.Rab1 Ne5 20.Red1 Nc4 21.Bc1 Rb7 22.b3 Na5
23.b4 cxb4 24.Rxb4 Rc7 25.Qd3 Rxc3 26.Qxc3 Ng4+  0-1

[Event "Open"]
[Site "Moscow RUS"]
[Date "2009.02.01"]
[Round "2"]
[White "Seliverstov,Vl"]
[Black "Popov,Iv RUS"]
[Result "0-1"]
[WhiteElo "2303"]
[BlackElo "2541"]

1.d4 Nf6 2.c4 e6 3.g3 c5 4.d5 exd5 5.cxd5 b5 6.Bg2 d6 7.a4 Qa5+ 8.Qd2 b4
9.b3 Qa6 10.Bb2 Nbd7 11.e4 g6 12.f4 Bg7 13.e5 dxe5 14.fxe5 Ng4 15.Bf1 Qb7
16.e6 Nde5 17.h3 Bxe6 18.Bg2 O-O-O 19.dxe6 Qa6 20.Qe2 Nd3+ 21.Kf1 Ne3+ 22.Qxe3 Nxb2+
23.Ne2 Rd1+ 24.Kf2 Nd3+ 25.Kf3 Qb7+ 26.Kg4 h5+ 27.Kg5 Qe7+  0-1